Online
Catalog

Cómo escribir un artículo médico / (Record no. 23397)

MARC details
000 -CABECERA
campo de control de longitud fija 02357nam a2200313 a 4500
001 - NÚMERO DE CONTROL
campo de control 000023901
003 - IDENTIFICADOR DEL NÚMERO DE CONTROL
campo de control DO-SdBNP
005 - FECHA Y HORA DE LA ÚLTIMA TRANSACCIÓN
campo de control 20250423140401.0
008 - DATOS DE LONGITUD FIJA--INFORMACIÓN GENERAL
campo de control de longitud fija 110117s1989 dr 001 0 spa d
040 ## - FUENTE DE LA CATALOGACIÓN
Centro catalogador/agencia de origen DO-SdBNP
Lengua de catalogación spa
Centro/agencia transcriptor BNPHU
049 ## - FONDOS LOCALES (OCLC)
Fondos de biblioteca BNPD
082 ## - NÚMERO DE LA CLASIFICACIÓN DECIMAL DEWEY
Número de clasificación 808.06661
Número de documento/Ítem C735e
245 00 - MENCIÓN DE TÍTULO
Título Cómo escribir un artículo médico /
Mención de responsabilidad, etc. Raymundo Carela Febles ...[et. al] ; editores Héctor Otero Cruz, Víctor Díaz Alba, Rubén Darío Pimentel.
260 ## - PUBLICACIÓN, DISTRIBUCIÓN, ETC.
Lugar de publicación, distribución, etc. Santo Domingo :
Nombre del editor, distribuidor, etc. Ediciones AMD,
Fecha de publicación, distribución, etc. 1989.
300 ## - DESCRIPCIÓN FÍSICA
Extensión 115 p. ;
Dimensiones 23 cm.
504 ## - NOTA DE BIBLIOGRAFÍA, ETC.
Nota de bibliografía, etc. Incluye bibliografía y notas al pie de páginas.
505 0# - NOTA DE CONTENIDO CON FORMATO
Información miscelánea Introducción /
Mención de responsabilidad Héctor Otero Cruz --
Título Responsabilidad y ética en las publicaciones médicas /
Mención de responsabilidad Hugo R. Mendoza --
Título Ética, fraude, plagio y malpraxis en la publicación de artículos médicos /
Mención de responsabilidad Fernando Fernández --
Título Redacción y estilo científico de los artículos médicos /
Mención de responsabilidad Fernando Fernández --
Título Como presentar un manuscrito al Comité Editorial de una publicación médica /
Mención de responsabilidad Emilio Mena Ricardo --
Título Selección de los autores /
Mención de responsabilidad Héctor Otero Cruz --
Título La hiperplasia autoral en los artículos médicos /
Mención de responsabilidad Fernando Fernández --
Título El resumen /
Mención de responsabilidad Raymundo Carela --
Título El resumen /
Mención de responsabilidad Héctor Otero Cruz --
Título La introducción /
Mención de responsabilidad Erwin Cruz Bournigal --
Título Material y métodos /
Mención de responsabilidad Elbi Morla Báez --
Título Resultados /
Mención de responsabilidad Ángel R. González --
Título La discusión en el artículo médico /
Mención de responsabilidad Juan Sánchez Bisonó --
Título Conclusiones y recomendaciones en el escrito médico /
Mención de responsabilidad Elbi Morla Báez --
Título Presentación de casos clínicos /
Mención de responsabilidad Emilio Mena Castro --
Título Los artículos de revisión de temas en las publicaciones periódicas médicas /
Mención de responsabilidad Fernando Fernández --
Título Las referencias bibliográficas /
Mención de responsabilidad Rosa Nieves Paulino --
Título Publicaciones periódicas médicas en República Dominicana : situación en el último decenio /
Mención de responsabilidad Fernando Fernández --
Información miscelánea Anexos.
650 #4 - PUNTO DE ACCESO ADICIONAL DE MATERIA--TÉRMINO DE MATERIA
Término de materia o nombre geográfico como elemento de entrada Redacción de escritos médicos
9 (RLIN) 19636
650 #4 - PUNTO DE ACCESO ADICIONAL DE MATERIA--TÉRMINO DE MATERIA
Término de materia o nombre geográfico como elemento de entrada Arte de escribir
Subdivisión general Manuales
9 (RLIN) 19637
700 1# - PUNTO DE ACCESO ADICIONAL--NOMBRE DE PERSONA
Nombre de persona Carela Febles, Raymundo
9 (RLIN) 19638
700 1# - PUNTO DE ACCESO ADICIONAL--NOMBRE DE PERSONA
Nombre de persona Fernández, Fernando
9 (RLIN) 1840
700 1# - PUNTO DE ACCESO ADICIONAL--NOMBRE DE PERSONA
Nombre de persona Mena Castro, Emilio
9 (RLIN) 19639
700 1# - PUNTO DE ACCESO ADICIONAL--NOMBRE DE PERSONA
Nombre de persona Díaz Alba, Víctor,
Término indicativo de función/relación ed.
9 (RLIN) 19640
700 1# - PUNTO DE ACCESO ADICIONAL--NOMBRE DE PERSONA
Nombre de persona Otero Cruz, Héctor
Término indicativo de función/relación ed.
9 (RLIN) 19641
700 1# - PUNTO DE ACCESO ADICIONAL--NOMBRE DE PERSONA
Nombre de persona Pimentel, Rubén Darío,
Término indicativo de función/relación ed.
9 (RLIN) 19624
710 2# - PUNTO DE ACCESO ADICIONAL--NOMBRE DE ENTIDAD CORPORATIVA
Nombre de entidad corporativa o nombre de jurisdicción como elemento de entrada Asociación Médica Dominicana
9 (RLIN) 16565
910 ## - DATOS DE OPCIÓN DEL USUARIO (OCLC)
Datos de opción del usuario Validado. Control de calidad
942 ## - ELEMENTOS DE PUNTO DE ACCESO ADICIONAL (KOHA)
Fuente del sistema de clasificación o colocación Dewey Decimal Classification
Tipo de ítem Koha Libro
Holdings
Estado de retiro Estado de pérdida No para préstamo Código de colección Localización permanente Ubicación/localización actual Ubicación en estantería Fecha de adquisición Número de inventario Total de préstamos Signatura topográfica completa Código de barras Fecha visto por última vez Precio válido a partir de Tipo de ítem Koha
    Excluido de préstamo Patrimonio Dominicano Patrimonio Dominicano Patrimonio Dominicano En catalogación 17.01.2011 LF1   808.06661 C735e 23901-10 25.06.2020 25.06.2020 Libro y Folleto Colección Patrimonio Dominicano

Powered by Koha